| 000 | 00609nam a2200169 a 4500 | ||
|---|---|---|---|
| 001 | 482 | ||
| 003 | CDMR | ||
| 005 | 20131118100743.0 | ||
| 008 | 130130s1988||||||||||||||||||||||||||||d | ||
| 040 |
_aCDMR _bcat _cCDMR |
||
| 100 | 1 |
_aCamacho de Chavarria, Alfonsina _9341 |
|
| 245 | 1 | 0 |
_aColegio de Periodistas de Costa Rica _b: un aliado de la libre emisión del pensamiento _c[por Alfonsina Camacho de Chavarría] |
| 260 |
_aSan José _c1988 _bColegio de Periodistas de Costa Rica |
||
| 610 | 2 |
_94295 _aColegio de Periodistas de Costa Rica |
|
| 710 | 0 | 4 |
_94295 _aColegio de Periodistas de Costa Rica |
| 942 |
_cFULLET _2udc |
||
| 999 |
_c482 _d482 |
||